000 00245nam a2200109Ia 4500
005 20251222155144.0
008 251222s9999||||xx |||||||||||||| ||spa||
082 _aCIE.29
245 0 _aMódulos de matemática
264 _bNo tiene
942 _cLIB
999 _c39295
_d39295